000 01318nam a22002417a 4500
003 OSt
005 20190625094534.0
008 180315b xxu||||| |||| 00| 0 spa d
020 _a9505082215
040 _cPJ
100 _92562
_aAlchourrón, Carlos E.
245 1 0 _aIntroducción a la metodología de las ciencias jurídicas y sociales /
_cCarlos E. Alchourrón, Eugenio Bulygin.
260 _aBuenos Aires :
_bAstrea,
_c1993.
300 _a277 p.
_c23 cm.
490 _aColección Mayor. Filosofia y Derecho
_v1
500 _aNotas y citas bibliográficas a pie de página.
504 _aBibliografía: p. 265-272.
505 _aPrimera parte: La lógica de los sistema normativos -- I. Un modelo para los sistemas normativos -- II. El concepto del caso -- III: El concepto de solución -- IV. El concepto de sistema normativo -- Segunda parte: algunos problemas metodológicos de la ciencia del derecho -- V. Problemas de sistematizan en el derecho. -- VI.El problema de la relevancia y las lagunas axiológicas -- VII. El problema de la clausura --VIII. El problema de las lagunas y la decisión judicial -- IX. Completitud como idea racional.
650 0 _9177
_aFILOSOFIA DEL DERECHO
650 0 _9253
_aMETODO JURIDICO
700 _92012
_aBulygin, Eugenio
942 _2udc
_cLIB
_h340.12
_iALC
999 _c223
_d223